000 00613nam a2200217 i 4500
001 146091
003 ES-MaACL
007 t|
008 070731s1960 sp ||||1| spa d
080 _a62/69
080 _a63
100 1 _aTorres Sánchez, Ricardo.
_9111018
245 1 0 _aTecnología industrial y agrícola /
_cRicardo Torres Sánchez.
260 _aBarcelona :
_bLatina,
_c1960.
300 _a174 p. :
_bil. ;
_c22 cm.
500 _aT. 1.
650 1 7 _aTecnología
_2embne
_917398
650 1 7 _aAgricultura
_2embne
_99670
852 _aES-MaACL
_jE-4761
_bR.48012
999 _c146091
_d146091